| 000 | 01315cam a2200385 i 4500 | ||
|---|---|---|---|
| 001 | 1624 | ||
| 005 | 20230911153712.0 | ||
| 020 | _a9781481415903 (hardback) | ||
| 020 | _a9781481415910 (paperback) | ||
| 040 |
_aDLC _beng _cDLC _erda _dDLC |
||
| 050 | 0 | 0 |
_aPZ7.R33593 _bAs 2016 |
| 082 | 0 | 0 |
_a[Fic] _223 |
| 100 | 1 |
_aReynolds, Jason, _eauthor. |
|
| 245 | 1 | 0 |
_aAs brave as you / _cJason Reynolds. |
| 250 | _aFirst Edition. | ||
| 260 |
_aNew York : _bAtheneum, _c2016 |
||
| 300 |
_a410 pages : _c22 cm |
||
| 500 | _a"A Caitlyn Dlouhy Book." | ||
| 505 | _aM | ||
| 520 |
_a"When two brothers decide to prove how brave they are, everything backfires--literally"-- _cProvided by publisher. |
||
| 521 | 1 |
_a750
_bLexile |
|
| 521 | 1 |
_aM
_bRaz-Plus |
|
| 650 | 1 |
_aBrothers _vFiction. |
|
| 650 | 1 |
_aCourage _vFiction. |
|
| 650 | 1 |
_aBlind _vFiction. |
|
| 650 | 1 |
_aPeople with disabilities _vFiction. |
|
| 650 | 1 |
_aGrandparents _vFiction. |
|
| 650 | 1 |
_aAfrican Americans _vFiction. |
|
| 650 | 1 |
_aCountry life _zVirginia _vFiction. |
|
| 650 | 7 |
_aJUVENILE FICTION / Social Issues / Emotions & Feelings. _2bisacsh |
|
| 650 | 7 |
_aJUVENILE FICTION / Family / Multigenerational. _2bisacsh |
|
| 650 | 7 |
_aJUVENILE FICTION / Boys & Men. _2bisacsh |
|
| 906 |
_a7 _bcbc _corignew _d1 _eecip _f20 _gy-gencatlg |
||
| 942 |
_2ddc _cBK _n0 |
||
| 999 |
_c1624 _d1624 |
||